000 00149nam a22000857a 4500
082 _a823
100 _aUNKNOWN
245 _a1ST WORDS FOR ME
942 _cBK
999 _c8393
_d8393